| Поле | Инд. | ПП | Название | Значение |
|---|---|---|---|---|
| Тип записи | a | |||
| Библиографический уровень | b | |||
| 001 | Контрольный номер | 805535e609e94d748ad328044e06634e | ||
| 005 | Дата корректировки | 20240403144223.6 | ||
| 008 | Кодируемые данные | 20150925 | ||
| 040 | b | Код языка каталог. | rus | |
| e | Правила каталог. | PSBO | ||
| 041 | 0_ | a | Код языка текста | rus |
| 084 | a | Индекс другой классификации/Индекс ББК | 65.240; 60.542.15 | |
| 100 | 1_ | a | Автор | Зудина А. А. |
| q | Полное имя | Зудина Анна Алексеевна | ||
| 245 | 10 | a | Заглавие | Дороги, ведущие молодежь в NEET: случай России |
| 500 | a | Примечание | Приложение | |
| a | Примечание | DOI: 10.17323/1813-8691-2018-22-2-197-227 | ||
| 504 | a | Библиография | Лит. в конце статьи | |
| 520 | 0_ | a | Аннотация | Рассматриваются причины и последствия попадания молодежи в специфическую группу, которая не учится и не работает - так называемую группу NEET (Not in Employment, Education or Training). Данная статья впервые помещает в фокус анализа потоки молодежи, входящие и исходящие из состояния NEET на российском рынке труда. |
| 650 | 04 | a | Основная рубрика | экономика |
| a | Основная рубрика | экономика труда; трудовые ресурсы | ||
| a | Основная рубрика | социология | ||
| a | Основная рубрика | социология групп | ||
| 653 | 1_ | a | Ключевые слова | антисоциальное поведение |
| a | Ключевые слова | безработица | ||
| a | Ключевые слова | группа NEET (Not in Employment, Education or Training) | ||
| a | Ключевые слова | занятость | ||
| a | Ключевые слова | молодежь | ||
| a | Ключевые слова | молодежь NEET | ||
| a | Ключевые слова | незанятое население | ||
| a | Ключевые слова | неформальная занятость | ||
| a | Ключевые слова | образование | ||
| a | Ключевые слова | обучение | ||
| a | Ключевые слова | психическое здоровье | ||
| a | Ключевые слова | Российский мониторинг экономического положения и здоровья НИУ ВШЭ (РМЭЗ НИУ ВШЭ) | ||
| a | Ключевые слова | Россия | ||
| a | Ключевые слова | рынок труда | ||
| a | Ключевые слова | семья | ||
| a | Ключевые слова | физическое здоровье | ||
| a | Ключевые слова | экономическая неактивность | ||
| 773 | 0_ | t | Заглавие источника | Экономический журнал ВШЭ |
| d | Дата издания источника | 2018 | ||
| g | Прочая информация | Т. 22, № 2. - С. 197 - 227 : табл., граф., расчет. | ||
| w | Контрольный № источника | DU/585314977 | ||
| 901 | t | Тип документа | b |